Stereotypes and beliefs influencing career and qualification choices among young people towards information and communication technologies diplomová práca

Gespeichert in:
Bibliographische Detailangaben
1. Verfasser: Nagyová, Natália
Körperschaft: Fakulta podnikového manažmentu EU. Katedra informačného manažmentu
Weitere Verfasser: Hanák, Róbert, 1979-
Format: Buch
Sprache:Englisch
Veröffentlicht: Bratislava 2025
Tags: Tag hinzufügen
Keine Tags, Fügen Sie das erste Tag hinzu!

MARC

LEADER 00000nbm a2200000 4500
001 0309909
005 20260114092700.5
041 0 |a eng 
044 |a SK 
245 1 0 |a Stereotypes and beliefs influencing career and qualification choices among young people towards information and communication technologies  |b diplomová práca  |c Natália Nagyová ; školiteľ: Róbert Hanák 
264 1 |a Bratislava  |c 2025 
300 |a 63 s. 
100 1 |a Nagyová, Natália 
700 1 |a Hanák, Róbert, 1979- 
710 2 |a Fakulta podnikového manažmentu EU. Katedra informačného manažmentu